The American teacher / (Record no. 20589)

MARC details
000 -LEADER
fixed length control field 00794cam a22002411a 4500
001 - CONTROL NUMBER
control field e 23000037
003 - CONTROL NUMBER IDENTIFIER
control field DLC
005 - DATE AND TIME OF LATEST TRANSACTION
control field 20260227111214.0
008 - FIXED-LENGTH DATA ELEMENTS--GENERAL INFORMATION
fixed length control field 850419s1923 dcu f000 0 eng c
010 ## - LIBRARY OF CONGRESS CONTROL NUMBER
LC control number e 23000037
035 ## - SYSTEM CONTROL NUMBER
System control number (OCoLC)11943090
040 ## - CATALOGING SOURCE
Original cataloging agency U.S. Off. of Educ. Library
Transcribing agency ABAU
Modifying agency ABAU
-- DLC
042 ## - AUTHENTICATION CODE
Authentication code premarc
050 00 - LIBRARY OF CONGRESS CALL NUMBER
Classification number L111
Item number .A6 1922, no. 44
082 ## - DEWEY DECIMAL CLASSIFICATION NUMBER
Classification number 370.6173
100 1# - MAIN ENTRY--PERSONAL NAME
Personal name Seerley, Homer H.
Fuller form of name (Homer Horatio),
Dates associated with a name 1848-
245 14 - TITLE STATEMENT
Title The American teacher /
Statement of responsibility, etc. by Homer H. Seerley.
260 ## - PUBLICATION, DISTRIBUTION, ETC.
Place of publication, distribution, etc. Washington :
Name of publisher, distributor, etc. G.P.O.,
Date of publication, distribution, etc. 1923.
300 ## - PHYSICAL DESCRIPTION
Extent 14 p. ;
Dimensions 23 cm.
490 1# - SERIES STATEMENT
Series statement Bulletin / Department of the Interior, Bureau of Education ;
Volume/sequential designation 1922, no. 44
650 #0 - SUBJECT ADDED ENTRY--TOPICAL TERM
Topical term or geographic name entry element Teachers
Geographic subdivision United States.
830 #0 - SERIES ADDED ENTRY--UNIFORM TITLE
Uniform title Bulletin (United States. Bureau of Education) ;
Volume/sequential designation 1922, no. 44

No items available.

Powered by Koha